000 00680nam a2200229 a 4500
001 56151
003 BD-RJUL
005 20240111151049.0
008 161127s19521949enk 000 1 eng d
035 _aoxf98310910
035 _a(BD-RJUL)56275
040 _aUUM
_cUUM
_dm.c
_dBD-RJUL
_beng
041 _aeng
082 _223
_a823.8
_bHAF 1952
100 1 _aHardy, Thomas,
_d1840-1928.
_9167148
245 1 0 _aFar from the madding crowd /
_cThomas Hardy
250 _alibrary ed.
260 _aLondon :
_bMacmillan & co .Ltd.,
_c1949, [reprinted 1952]
300 _aix, 464 p ;
_c22 cm.
650 _aEnglish fiction
_vWomen farmers
_xManners and customs
_9167149
942 _2ddc
_cBK
999 _c56151
_d56151